Sports Quiz

Random Sports or Country Quiz
Score 0/232 Timer 20:00
0 Plays Today
Hint Answer % Correct
1985/86FC Barcelona
98.8%
1991/92FC Barcelona
98.8%
1993/94FC Barcelona
98.8%
1994/95FC Barcelona
98.8%
1999/00FC Barcelona
98.8%
2001/02FC Barcelona
98.8%
2002/03FC Barcelona
98.8%
2005/06FC Barcelona
98.8%
2007/08FC Barcelona
98.8%
2008/09FC Barcelona
98.8%
2009/10FC Barcelona
98.8%
2010/11FC Barcelona
98.8%
2011/12FC Barcelona
98.8%
2012/13FC Barcelona
98.8%
2013/14FC Barcelona
98.8%
1985/86Bayern Munich
98.6%
1986/87Bayern Munich
98.6%
1987/88Bayern Munich
98.6%
1989/90Bayern Munich
98.6%
1990/91Bayern Munich
98.6%
1994/95Bayern Munich
98.6%
1997/98Bayern Munich
98.6%
1998/99Bayern Munich
98.6%
1999/00Bayern Munich
98.6%
2000/01Bayern Munich
98.6%
2001/02Bayern Munich
98.6%
2004/05Bayern Munich
98.6%
2006/07Bayern Munich
98.6%
2008/09Bayern Munich
98.6%
2009/10Bayern Munich
98.6%
2011/12Bayern Munich
98.6%
2012/13Bayern Munich
98.6%
2013/14Bayern Munich
98.6%
1986/87Real Madrid
98.4%
1987/88Real Madrid
98.4%
1988/89Real Madrid
98.4%
1990/91Real Madrid
98.4%
1995/96Real Madrid
98.4%
1997/98Real Madrid
98.4%
1998/99Real Madrid
98.4%
1999/00Real Madrid
98.4%
2000/01Real Madrid
98.4%
2001/02Real Madrid
98.4%
2002/03Real Madrid
98.4%
2003/04Real Madrid
98.4%
2010/11Real Madrid
98.4%
2011/12Real Madrid
98.4%
2012/13Real Madrid
98.4%
2013/14Real Madrid
98.4%
1985/86Juventus
98.3%
1988/89AC Milan
98.3%
1989/90AC Milan
98.3%
1990/91AC Milan
98.3%
1992/93AC Milan
98.3%
1993/94AC Milan
98.3%
1994/95AC Milan
98.3%
1995/96Juventus
98.3%
1996/97Juventus
98.3%
1996/97Manchester United
98.3%
1997/98Manchester United
98.3%
1997/98Juventus
98.3%
1998/99Manchester United
98.3%
1998/99Juventus
98.3%
1999/00Manchester United
98.3%
2000/01Manchester United
98.3%
2001/02Manchester United
98.3%
2002/03AC Milan
98.3%
2002/03Juventus
98.3%
2002/03Manchester United
98.3%
2003/04AC Milan
98.3%
2004/05AC Milan
98.3%
2004/05Juventus
98.3%
2005/06AC Milan
98.3%
2005/06Juventus
98.3%
2006/07AC Milan
98.3%
2006/07Manchester United
98.3%
2007/08Manchester United
98.3%
2008/09Manchester United
98.3%
Hint Answer % Correct
2009/10Manchester United
98.3%
2010/11Manchester United
98.3%
2011/12AC Milan
98.3%
2012/13Juventus
98.3%
2013/14Manchester United
98.3%
1986/87FC Porto
97.9%
1990/91FC Porto
97.9%
1992/93FC Porto
97.9%
1993/94FC Porto
97.9%
1996/97FC Porto
97.9%
1999/00FC Porto
97.9%
2003/04FC Porto
97.9%
2008/09FC Porto
97.9%
1999/00Chelsea FC
97.8%
2003/04Chelsea FC
97.8%
2004/05Chelsea FC
97.8%
2006/07Chelsea
97.8%
2007/08Chelsea FC
97.8%
2008/09Chelsea FC
97.8%
2010/11Chelsea FC
97.8%
2011/12Chelsea FC
97.8%
2013/14Chelsea FC
97.8%
1995/96Borussia Dortmund
97.3%
1996/97Borussia Dortmund
97.3%
1997/98Borussia Dortmund
97.3%
2012/13Borussia Dortmund
97.3%
2013/14Borussia Dortmund
97.3%
1994/95Paris Saint-Germain
97.1%
2000/01Arsenal
97.1%
2001/02Liverpool
97.1%
2003/04Arsenal
97.1%
2004/05Liverpool
97.1%
2005/06Arsenal
97.1%
2006/07Liverpool
97.1%
2007/08Arsenal
97.1%
2007/08Liverpool
97.1%
2008/09Arsenal
97.1%
2008/09Liverpool
97.1%
2009/10Arsenal
97.1%
2012/13Paris Saint-Germain
97.1%
2013/14Paris Saint-Germain
97.1%
1994/95AFC Ajax
97%
1995/96AFC Ajax
97%
1996/97AFC Ajax
97%
2002/03AFC Ajax
97%
1987/88Benfica
96.9%
1989/90Benfica
96.9%
1991/92Benfica
96.9%
1994/95Benfica
96.9%
2005/06Benfica
96.9%
2011/12Benfica
96.9%
1989/90Olympique Marseille
96.6%
1990/91Olympique Marseille
96.6%
1992/93Olympique Marseille
96.6%
2011/12Olympique Marseille
96.6%
1996/97Atletico Madrid
96.3%
2013/14Atletico Madrid
96.3%
2003/04Olympique Lyon
96.1%
2004/05Olympique Lyon
96.1%
2005/06Olympique Lyon
96.1%
2009/10Olympique Lyon
96.1%
1988/89Galatasaray
95.9%
1993/94Galatasaray
95.9%
2000/01Galatasaray
95.9%
2012/13Galatasaray
95.9%
1987/88PSV Eindhoven
95.8%
1988/89PSV Eindhoven
95.8%
1989/90PSV Eindhoven
95.8%
1992/93PSV Eindhoven
95.8%
2004/05PSV Eindhoven
95.8%
2006/07PSV Eindhoven
95.8%
1999/00Valencia CF
95.5%
2000/01Valencia CF
95.5%
2002/03Valencia CF
95.5%
2006/07Valencia CF
95.5%
1987/88Rangers FC
95%
1992/93Rangers FC
95%
2006/07AS Roma
94.5%
Hint Answer % Correct
2007/08AS Roma
94.5%
1992/93CSKA Moscow
94.3%
2009/10CSKA Moscow
92.9%
1988/89AS Monaco
92.4%
1993/94AS Monaco
92.4%
1997/98AS Monaco
92.4%
2003/04AS Monaco
92.4%
1985/86RSC Anderlecht
92%
1986/87RSC Anderlecht
92%
1987/88RSC Anderlecht
92%
1991/92RSC Anderlecht
92%
1993/94RSC Anderlecht
92%
1986/87Dynamo Kyiv
91.9%
1991/92Dynamo Kyiv
91.4%
1997/98Dynamo Kyiv
91.4%
1998/99Internazionale
91.4%
1998/99Dynamo Kyiv
91.4%
2002/03Internazionale
91.4%
2004/05Internazionale
91.4%
2005/06Internazionale
91.4%
2009/10Internazionale
91.4%
2010/11Internazionale
91.4%
2010/11Tottenham Hotspur
91.1%
1997/98Bayer Leverkusen
90.8%
2001/02Bayer Leverkusen
90.8%
2007/08FC Schalke '04
90.7%
2010/11FC Schalke '04
90.7%
1986/87Red Star Belgrade
89.8%
1990/91Red Star Belgrade
89.8%
1991/92Red Star Belgrade
89.8%
1998/99Olympiacos Piraeus
89.8%
1999/00S.S. Lazio
89.3%
1985/86Steaua Bucharest
88%
1987/88Steaua Bucharest
88%
1988/89Steaua Bucharest
88%
2000/01Deportivo La Coruna
88%
2001/02Deportivo La Coruna
88%
2003/04Deportivo La Coruna
88%
2007/08Fenerbahce
87.2%
1991/92Panathinaikos
87%
1995/96Panathinaikos
87%
2000/01Leeds United
87%
2001/02Panathinaikos
87%
2010/11Shakhtar Donetsk
86.6%
1987/88Girondins de Bordeaux
85.3%
2009/10Girondins de Bordeaux
85.3%
2005/06Villarreal CF
84.1%
2008/09Villarreal CF
84.1%
1985/86Aberdeen
84%
2011/12APOEL FC
82.6%
1986/87Besiktas
82.4%
1990/91Spartak Moscow
81.7%
1992/93Club Brugge
81.7%
1993/94Spartak Moscow
81.7%
1995/96Spartak Moscow
81.7%
1991/92UC Sampdoria
80.5%
1995/96FC Nantes
79.5%
2012/13Malaga CF
76.9%
1988/89Werder Bremen
76.4%
1993/94Werder Bremen
76.4%
1991/92Sparta Prague
75.2%
1996/97Rosenborg BK
75.2%
1985/86IFK Göteborg
72.5%
1988/89IFK Göteborg
72.5%
1992/93IFK Göteborg
72.5%
1994/95IFK Göteborg
72.5%
1995/96Legia Warsaw
70.7%
1998/991. FC Kaiserslautern
68.8%
1994/95Hajduk Split
67.3%
1989/90CSKA Sofia
66.3%
1986/87Brondby IF
64.5%
1996/97AJ Auxerre
63%
1989/90KV Mechelen
42.6%
1990/91Dynamo Dresden
29.7%
1989/90Dnipro Dnipropetrovsk
29.1%
1985/86FC Kuusysi
23.7%
Remove Ads.
Support Sporcle.
Get the best of Sporcle when you Go Orange. This ad-free experience offers more features, more stats, and more fun while also helping to support Sporcle. Thank you for becoming a member.

You're not logged in!

Compare scores with friends on all Sporcle quizzes.
OR
Log In

Show Comments

Extras

Top Quizzes Today


Score Distribution

Your Account Isn't Verified!

In order to create a playlist on Sporcle, you need to verify the email address you used during registration. Go to your Sporcle Settings to finish the process.

Report this User

Report this user for behavior that violates our Community Guidelines.

Details: